| 000 | 00718nam a2200217 u 4500 | ||
|---|---|---|---|
| 001 | 000742824 | ||
| 003 | AM-YeHGA | ||
| 005 | 20250617143424.0 | ||
| 008 | 100614s1968 ||| r 000 0 rus d | ||
| 040 | _aAM-YeHGA | ||
| 041 | 0 | _arus | |
| 100 | 1 | _aПетрова, Мария Севостьяновна | |
| 245 | 1 | 0 |
_aМорковь / _cМ.С. Петрова; Под ред. В.А. Брызгалова. |
| 260 |
_aЛенинград : _bКолос, _c1968. |
||
| 300 |
_a63 с. : _bил. |
||
| 440 | 0 | _aБ-чка овощевода | |
| 653 | 0 | _aОвощеводство | |
| 653 | 0 | _aМорковь - Пищевая ценность | |
| 700 | 1 |
_aБрызгалов, В.А. _eред. _4edt |
|
| 090 | _c276333 | ||
| 999 |
_c274689 _d274689 |
||